LEADER 00848nam0-22002651i-450- 001 990002667670403321 005 20090224143128.0 035 $a000266767 035 $aFED01000266767 035 $a(Aleph)000266767FED01 035 $a000266767 100 $a20030910d1934----km-y0itay50------ba 101 0 $aita 102 $aIT 105 $ay-------001yy 200 1 $a<>credito agrario nell'ordinamento italiano odierno$elezione tenuta in Treviso il 29 aprile 1934 al corso di tecnica bancaria ...$fLuigi Pagani 210 $aVenezia$cStab. grafico G. Bellini$d1934 700 1$aPagani,$bLuigi$c$0431544 801 0$aIT$bUNINA$gRICA$2UNIMARC 901 $aBK 912 $a990002667670403321 952 $a15-11-TB$bs.i.$fECA 959 $aECA 996 $aCredito agrario nell'ordinamento italiano odierno$9429645 997 $aUNINA LEADER 01170nam--2200397---450- 001 990002953160203316 005 20070703082059.0 010 $a978-88-07-91951-3 035 $a000295316 035 $aUSA01000295316 035 $a(ALEPH)000295316USA01 035 $a000295316 100 $a20070703d2007----km-y0itay50------ba 101 $aita 102 $aIT 105 $a||||||||001yy 200 1 $aCambiare idee$el'arte e la scienza della persuasione$fHoward Gardner$gtraduzione di Ester Dornetti 210 $aMilano$cFeltrinelli$d2007 215 $a243 p.$d20 cm. 225 2 $aUniversale economica$v1951 410 0$12001$aUniversale economica$v1951 454 1$12001$aChanging minds$921572 461 1$1001-------$12001 606 0 $aPersuasione 676 $a153.852 700 1$aGARDNER,$bHoward$066382 702 1$aDORNETTI,$bEster 801 0$aIT$bsalbc$gISBD 912 $a990002953160203316 951 $aII.3. 3059$b197064 L.M.$cII.3.$d00160448 959 $aBK 969 $aUMA 979 $aRIVELLI$b90$c20070703$lUSA01$h0819 979 $aRIVELLI$b90$c20070703$lUSA01$h0820 996 $aChanging minds$921572 997 $aUNISA